Top 20 Most Famous Countries - Statistics

General Stats
  • This quiz has been taken 2,910 times
  • The average score is 17 of 20
Answer Stats
% Country % Correct
97 United States
100%
95 United Kingdom
98%
95 China
97%
95 France
97%
97 Canada
96%
96 Russia
95%
93 Germany
94%
95 Brazil
93%
93 Japan
93%
95 Australia
92%
94 Italy
92%
93 Spain
92%
95 Mexico
91%
94 India
89%
90 Argentina
79%
90 Egypt
73%
90 South Africa
69%
90 Sweden
67%
91 Ireland
62%
91 Iceland
36%
No matching quizzes found
Score Distribution
Percent of People with Each Score
Percentile by Number Answered
Your Score History
You have not taken this quiz